000 00434nam a2200181Ia 4500
001 25457
005 20260414151151.0
008 260414t2012||||xx |||||||||||||| ||spa||
041 _aESP
082 _a346.5
_bZ945
100 _aZimmermann, Reinhard
_eAUT
245 0 _aDerecho de obligaciones :
_bestudios
260 _c2012
300 _a317 páginas :
_c24 cm.
650 _aDER
654 _aCDE
942 _cLIB
_dJUS
_fJUS
_2ddc
_n
999 _c25457
_d25457